La gestión de compra de bienes y servicios en el Estado (Registro nro. 2786)

Detalles MARC
000 -Cabecera
Campo de control de longitud fija 00711aam a2200265 4500
005 - Fecha y hora de la última transacción
Campo de control 20250919173031.0
008 - Elementos de longitud fija--Información general
Campo de control de longitud fija 150611b2011 xxu||||| |||| 00| 0 spa d
020 ## - International Standard Book Number
Número Internacional Estándar del Libro (ISBN) 9789977200446
041 ## - Idioma
Código de idioma Español
082 ## - Clasificación Decimal Dewey
Número de clasificación 350 SE487g
100 ## - Entrada principal--Autor personal
Nombre personal Serrano Rodríguez, Carlos Eduardo
9 (RLIN) 29198
245 ## - Título propiamente dicho
Título La gestión de compra de bienes y servicios en el Estado
260 ## - Pie de imprenta
Lugar de publicación, distribución, etc. Costa Rica
260 ## - Pie de imprenta
Nombre del editor, distribuidor, etc. ICAP
260 ## - Pie de imprenta
Fecha de publicación, distribución, etc. 2011
300 ## - Descripción física
Extensión 397 páginas
490 ## - Serie
Título de la Serie Temática General
650 ## - Materia general
Temática (materia general) ADMISTRACIÓN PÚBLICA
650 ## - Materia general
Temática (materia general) GESTIÓN PÚBLICA
650 ## - Materia general
Temática (materia general) CONTRSTACIÓN ADMINISTRATIVA
650 ## - Materia general
Temática (materia general) GESTIÓN DE COMPRAS
650 ## - Materia general
Temática (materia general) COMERCIO ELECTRÓNICO
942 ## - Punto de acceso adicional KOHA
Tipo de ítem KOHA Libro
Fuente del sistema de clasificación o colocación Dewey Decimal Classification
Existencias
Signatura completa Código de barras Programa Académico Tipo de ítem
350 SE487g 24831 Temática General Libro